| 000 | 01426 a2200253 4500 | ||
|---|---|---|---|
| 003 | Nust | ||
| 005 | 20251030101347.0 | ||
| 010 | _a 00065068 | ||
| 020 | _a1580531466 (alk. paper) | ||
| 040 | _cNust | ||
| 082 | 0 | 0 | _a621.3845,ZAN |
| 100 | 1 |
_aZander, Jens. _9131637 |
|
| 245 | 1 | 0 |
_aRadio resource management for wireless networks / (Include CD) _cJens Zander, Seong-Lyun Kim ; with software authors, Magnus Almgren, Olav Queseth. |
| 260 |
_aBoston : _bArtech House, _cc2001. |
||
| 300 |
_axiii, 378 p. : _bill. ; _c24 cm. + _e1 computer optical disc (4 3/4 in.) |
||
| 440 | 0 |
_aArtech House mobile communications series _9398 |
|
| 505 | _aIntroduction (Page-1), Link Performance in Interference Channel (Page-11), Wireless Network Models (Page-53), Principals of Cellular Systems (Page-69), Handover and Mobility (Page-121), Transmitter Power Control (Page-151), Dynamic Channel Allocation (Page-187), Orthogonal Frequency Hopping (Page-211), DS-SDMA in Wireless Networks (Page-229), Resource Management in Packet Access Systems (Page-259), Cell-Planning (Page-297), Some Fundamentals of wireless Infrastructure Economic (Page-307). | ||
| 650 | 0 |
_aRadio resource management (Wireless communications) _9131638 |
|
| 650 | 0 |
_aTelecommunication _xTraffic _xManagement. _994487 |
|
| 650 | 0 |
_aWireless communication systems. _9594 |
|
| 651 |
_a(Include CD) _98953 |
||
| 700 | 1 |
_aKim, Seong-Lyun. _9131639 |
|
| 942 |
_cREF _2ddc |
||
| 999 |
_c176084 _d176084 |
||